El trabajo de los escultores

محفوظ في:
التفاصيل البيبلوغرافية
المؤلفون الرئيسيون: Fontanel, Béatrice (مؤلف), Harcourt, Claire d' (مؤلف)
التنسيق: كتاب
اللغة:الإسبانية
منشور في: Madrid SM 1994
الطبعة:1a. ed
سلاسل:Biblioteca Interactiva. Mundo Maravilloso. Serie Artes Plásticas
الموضوعات:
الوسوم: إضافة وسم
لا توجد وسوم, كن أول من يضع وسما على هذه التسجيلة!

MARC

LEADER 00000nam a2200000 a 4500
001 UCG1294
003 CL-VaPUC
008 100429e19940000SP |||||||||||||||||spa|d
020 |a 8434842106 
082 0 4 |a 700  |b FON  |2 21 
100 0 |a Fontanel, Béatrice  |e author  |9 549154 
700 0 |a Harcourt, Claire d'  |e author  |9 549155 
245 1 3 |a El trabajo de los escultores 
250 |a 1a. ed 
300 |a 41 p 
942 |c BK 
945 |d 20100429 00:00:00  |a cmena 
260 |a Madrid  |b SM  |c 1994 
500 |a Lee, mira y manipula este libro interactivo para descubrir, paso a paso, el duro trabajo de los escultores 
650 0 |a Escultura  |9 265737 
650 0 |a Artes plásticas  |9 268637 
650 0 |a Historia del arte  |9 314877 
650 0 |a Educación artística  |9 269035 
583 |a last modification  |c 20100429 00:00:00  |k Rodrigo Vera 
490 0 |a Biblioteca Interactiva. Mundo Maravilloso. Serie Artes Plásticas 
999 |c 340698  |d 340696 
952 |0 0  |1 0  |4 0  |6 700_000000000000000_FON_1994  |7 0  |8 C  |9 435668  |a BIBCUR  |b BIBCUR  |d 2019-11-22  |i 4670450  |l 1  |o 700 FON 1994  |p 4670450  |r 2025-05-08  |s 2025-05-08  |w 2019-11-22  |y BK  |k EXP